00624nam a2200133 a 450000100100000000500170001000800410002704000250006808200150009324500760010826000910018430000200027550001950029500003607420200930074843.0111125s1986 ck 000 0 spa d aDO-SdBNPbspacBNPHU axxxxbG72700aCatálogo no. 2 :bgrabaciones de audio musical tradicional y popular. aBogotá :bInstituto Colombiano de Cultura, Centro de Documentación Musical,c1986. a99 p. ;c25 cm. aLa edición del presente catálogo forma parte del convenio 12/84, establecido entre la Empresa Nacional de Telecomunicaciones (TELECOM) y el Instituto Colombiano de Cultura (COLNACULTURA)